000 00278nam a22001097a 4500
008 160505b xxu||||| |||| 00| 0 eng d
020 _a0139203230
041 _aeng
080 _a611
245 1 0 _aAnatomy and Physiology:
_cGerard J. Tortora; Robert B. Tallitsch;
942 _2udc
_cBK
999 _c1797
_d1797